000 00384nam a2200145Ia 4500
005 20260328101454.0
008 260328s9999||||xx |||||||||||||| ||und||
100 _aSalvador Palomo, Pedro J
245 0 _aLa Planificación Verde en las Ciudades /
_cPedro J Salvador Palomo
250 _a1a ed.
260 _bGustavo Gili
300 _a326 p.
650 _aDISEÑO URBANO
942 _cBK
999 _c8781
_d8781